000 00373nam a22001697a 4500
003 OSt
005 20210930102743.0
008 210930b |||||||| |||| 00| 0 eng d
020 _a0273682598
040 _cHU
082 _a330
100 _aED ROSE
_98553
245 _aEMPLONMENT RELATION
260 _aENGELAND
_b LONDON
_c2004
300 _a688
942 _2ddc
_cBOOKS
_n0
999 _c7914
_d7914